[Event "CSS Freestyle 8th"]
[Site "playchess.com"]
[Date "2008.04.11"]
[Round "1"]
[White "Moro Gamgee"]
[Black "Intuitivestra"]
[Result "1-0"]
[WhiteElo "2387"]
[BlackElo "2353"]
[PlyCount "47"]
[EventDate "2008.04.11"]

1. e4 {21} c5 {10} 2. Nf3 {15} d6 {28} 3. d4 {7} cxd4 {5} 4. Nxd4 {6} g6 {46}
5. Nc3 {18} Nf6 {23} 6. Be3 {15} Bg7 {97} 7. f3 {8} O-O {18} 8. Qd2 {7} Nc6 {45
} 9. O-O-O {11} Nxd4 {444} 10. Bxd4 {6} Be6 {112} 11. Kb1 {20} Qc7 {61} 12. h4
{30} Rac8 {43} 13. h5 {108} Nxh5 {129} 14. Bxg7 {290} Kxg7 {96} 15. g4 {21} Nf6
{46} 16. Qh6+ {16} Kh8 {21} 17. e5 {178} dxe5 {33} 18. g5 {5} Nh5 {10} 19. Bd3
{8} f5 {50} 20. gxf6 {13} e4 {149} 21. Bxe4 {122} Nxf6 {9} 22. Bxg6 {35} Bg8 {
17} 23. Nd5 {123} Qd6 {170} 24. Rdg1 {(Lag: Av=0.92s, max=4.2s) 189} 1-0

[Event "CSS Freestyle 8th"]
[Site "playchess.com"]
[Date "2008.04.11"]
[Round "1"]
[White "FATTAaMANO"]
[Black "New Man"]
[Result "1/2-1/2"]
[WhiteElo "2432"]
[BlackElo "2499"]
[PlyCount "47"]
[EventDate "2008.04.11"]

1. d4 {3} d5 {184} 2. c4 {36} e5 {73} 3. dxe5 {30} d4 {20} 4. Nf3 {9} Nc6 {36}
5. a3 {61} Nge7 {39} 6. Nbd2 {90} Ng6 {188} 7. Nb3 {21} Be7 {164} 8. Nbxd4 {20}
Ncxe5 {58} 9. e4 {32} Nxf3+ {137} 10. Nxf3 {48} Qxd1+ {68} 11. Kxd1 {7} Bd7 {67
} 12. Bd3 {364} O-O-O {52} 13. Be3 {473} Bc6 {188} 14. Ke2 {27} Bf6 {61} 15.
Ra2 {240} Rhe8 {34} 16. Rd1 {46} Bxe4 {365} 17. Bxe4 {8} Rxe4 {38} 18. Rxd8+ {9
} Kxd8 {209} 19. Kd3 {97} Re6 {29} 20. b4 {461} Rd6+ {54} 21. Ke2 {12} Ra6 {291
} 22. a4 {428} Kc8 {29} 23. b5 {160} Re6 {FATTAaMANO bietet Remis 32} 24. g3 {
(Lag: Av=0.21s, max=1.1s) 24} 1/2-1/2

[Event "CSS Freestyle 8th"]
[Site "playchess.com"]
[Date "2008.04.11"]
[Round "1"]
[White "Fredis_cpu"]
[Black "Olivier EVAN"]
[Result "0-1"]
[WhiteElo "2561"]
[BlackElo "2351"]
[PlyCount "98"]
[EventDate "2008.04.11"]

1. e4 {1} e5 {3} 2. Nf3 {15} Nc6 {23} 3. Bb5 {22} Nf6 {29} 4. Nxe5 {142} Nxe5 {
256} 5. d4 {243} Ng6 {15} 6. Nc3 {76} c6 {80} 7. Bd3 {44} Qb6 {6} 8. e5 {188}
Nd5 {6} 9. Ne2 {322} Nb4 {4} 10. Bxg6 {84} hxg6 {8} 11. O-O {317} d5 {30} 12.
Bg5 {41} Qc7 {260} 13. c3 {157} Na6 {8} 14. Ng3 {70} Be7 {93} 15. Bxe7 {35}
Qxe7 {6} 16. f4 {146} Qh4 {117} 17. Qf3 {66} Bg4 {5} 18. Qe3 {67} Qxh2+ {64}
19. Kf2 {4} Qh7 {21} 20. Rh1 {24} Qg8 {5} 21. Rxh8 {39} Qxh8 {7} 22. Rh1 {49}
Qf8 {5} 23. Rh4 {176} Be6 {31} 24. Qd3 {107} O-O-O {92} 25. Rh7 {6} Kb8 {81}
26. Kf3 {69} c5 {41} 27. a3 {105} cxd4 {15} 28. cxd4 {31} Nc7 {130} 29. Kf2 {46
} Bd7 {20} 30. Kg1 {69} Bb5 {56} 31. Qd1 {44} Ne6 {6} 32. f5 {28} Ng5 {21} 33.
Rh4 {8} Qe7 {35} 34. Rf4 {34} Rc8 {64} 35. Rf2 {47} f6 {6} 36. a4 {11} Ba6 {87}
37. Qd2 {40} fxe5 {26} 38. Qe3 {30} e4 {5} 39. a5 {32} Bd3 {49} 40. b3 {5} Rh8
{62} 41. Rd2 {70} gxf5 {171} 42. Rxd3 {42} Ne6 {17} 43. Nxf5 {17} Qf6 {4} 44.
Nxg7 {12} Qxg7 {6} 45. Qg3+ {12} Qxg3 {2} 46. Rxg3 {10} Nxd4 {1} 47. Re3 {25}
Kc7 {11} 48. b4 {14} Nc6 {7} 49. g4 {8} Rg8 {
Fredis_cpu gibt auf (Lag: Av=1.05s, max=2.3s) 13} 0-1

[Event "CSS Freestyle 8th"]
[Site "playchess.com"]
[Date "2008.04.11"]
[Round "1"]
[White "Hoshad"]
[Black "Dom_"]
[Result "1/2-1/2"]
[WhiteElo "2446"]
[BlackElo "2450"]
[PlyCount "123"]
[EventDate "2008.04.11"]

1. e4 {11} c5 {42} 2. Nf3 {8} d6 {16} 3. d4 {23} cxd4 {21} 4. Nxd4 {0} Nf6 {3}
5. Nc3 {16} a6 {10} 6. Be3 {67} e6 {7} 7. f3 {18} b5 {17} 8. Qd2 {62} Nbd7 {7}
9. g4 {35} h6 {15} 10. O-O-O {12} Ne5 {79} 11. Be2 {217} b4 {45} 12. Na4 {24}
Bd7 {23} 13. Qxb4 {271} Rb8 {11} 14. Qa3 {133} Qa5 {15} 15. Nc3 {45} Qxa3 {4}
16. bxa3 {3} d5 {6} 17. exd5 {82} Bxa3+ {125} 18. Kd2 {24} Nxd5 {55} 19. Nxd5 {
31} exd5 {3} 20. Rb1 {95} O-O {23} 21. Bxa6 {7} Ra8 {104} 22. Bb7 {417} Nc4+ {
117} 23. Kd3 {106} Rfe8 {62} 24. Bf2 {18} Ne5+ {80} 25. Kc3 {
Hoshad offers a draw 83} Ra5 {6} 26. Rhe1 {96} Bd6 {9} 27. h3 {331} Rb8 {37}
28. Kd2 {35} Nc4+ {79} 29. Ke2 {21} Na3 {56} 30. Rb3 {16} Nxc2 {165} 31. Nxc2 {
72} Rxa2 {6} 32. Bxd5 {6} Rxc2+ {6} 33. Kf1 {7} Rxb3 {29} 34. Bxb3 {0} Bb5+ {48
} 35. Kg1 {24} Rb2 {42} 36. Bd5 {22} g5 {7} 37. Be4 {42} Kf8 {28} 38. Bd4 {40}
Rd2 {7} 39. Be3 {12} Ra2 {41} 40. Bd5 {34} Ra3 {39} 41. Kf2 {23} Rc3 {32} 42.
Rd1 {36} Ke7 {41} 43. Be4 {30} Ra3 {13} 44. Bd5 {21} Rc3 {72} 45. Be4 {16} Bc6
{68} 46. Bd4 {39} Rc4 {39} 47. Bxc6 {24} Rxc6 {3} 48. Bg7 {71} f6 {194} 49.
Bxh6 {48} Kf7 {33} 50. h4 {6} gxh4 {75} 51. Kg2 {19} Be5 {30} 52. f4 {144} Bc7
{93} 53. Rd7+ {6} Ke8 {10} 54. Rd3 {9} f5 {32} 55. Bg5 {17} fxg4 {3} 56. Bxh4 {
31} Bxf4 {8} 57. Rd4 {34} Rc2+ {4} 58. Kf1 {3} Rc1+ {164} 59. Ke2 {31} Rc2+ {10
} 60. Kf1 {13} Rc1+ {4} 61. Ke2 {7} Rc2+ {10} 62. Kf1 {
(Lag: Av=1.79s, max=3.4s) 3} 1/2-1/2

[Event "CSS Freestyle 8th"]
[Site "playchess.com"]
[Date "2008.04.11"]
[Round "1"]
[White "Badbishop1"]
[Black "Maschanska"]
[Result "1/2-1/2"]
[WhiteElo "2372"]
[BlackElo "2432"]
[PlyCount "119"]
[EventDate "2008.04.11"]

1. e4 {7} e5 {5} 2. Nf3 {2} Nc6 {7} 3. Bc4 {57} Bc5 {26} 4. c3 {31} Nf6 {15} 5.
d3 {35} O-O {60} 6. O-O {26} d6 {30} 7. Bb3 {95} h6 {191} 8. Nbd2 {54} a5 {171}
9. Nc4 {40} Be6 {357} 10. a4 {164} Re8 {106} 11. d4 {198} exd4 {220} 12. cxd4 {
3} Bxc4 {6} 13. Bxc4 {8} Rxe4 {5} 14. Bd3 {30} Rxd4 {19} 15. Nxd4 {6} Bxd4 {226
} 16. Bb5 {117} Bc5 {48} 17. Bxc6 {11} bxc6 {3} 18. Qc2 {26} Qe8 {112} 19. Bd2
{69} Qe4 {9} 20. Rac1 {11} Qxc2 {27} 21. Rxc2 {1} Ne4 {5} 22. Be1 {56} Ra6 {80}
23. g3 {48} Bd4 {62} 24. Rc4 {118} c5 {59} 25. Rc2 {37} f5 {278} 26. Kg2 {9}
Kf7 {12} 27. h4 {59} Ra8 {20} 28. h5 {120} c6 {127} 29. Bc3 {39} Bxc3 {9} 30.
bxc3 {5} Rb8 {80} 31. c4 {49} Rb4 {417} 32. Rd1 {4} Ke6 {
Maschanska bietet Remis 11} 33. f3 {39} Ng5 {7} 34. Rcd2 {148} Nf7 {21} 35.
Re2+ {61} Kf6 {10} 36. f4 {119} Rxc4 {264} 37. Rde1 {4} Re4 {6} 38. Rxe4 {10}
fxe4 {3} 39. Rxe4 {9} d5 {6} 40. Re8 {48} Nd6 {9} 41. Rd8 {36} Ke7 {60} 42. Rg8
{32} Ne8 {35} 43. Kf3 {61} c4 {9} 44. g4 {Badbishop1 offers a draw 17} d4 {168}
45. Ke2 {47} Kf7 {18} 46. Rh8 {8} Nf6 {37} 47. Rd8 {15} c5 {15} 48. Rc8 {149}
d3+ {18} 49. Ke3 {1} Nxg4+ {11} 50. Kd2 {2} Nf2 {16} 51. Rd8 {55} Ne4+ {68} 52.
Ke3 {11} Ng3 {3} 53. Rd5 {22} Nf1+ {9} 54. Kf2 {10} Nd2 {3} 55. Ke3 {9} Nb3 {6}
56. Rd7+ {23} Kf6 {10} 57. Rb7 {11} d2 {35} 58. Ke2 {15} Kf5 {5} 59. Kd1 {20}
Kxf4 {6} 60. Rd7 {Badbishop1 offers a draw (Lag: Av=0.29s, max=0.8s) 31}
1/2-1/2

[Event "CSS Freestyle 8th"]
[Site "playchess.com"]
[Date "2008.04.11"]
[Round "1"]
[White "Mikhail Umansky"]
[Black "HydraAssasin"]
[Result "1-0"]
[WhiteElo "2338"]
[BlackElo "2402"]
[PlyCount "93"]
[EventDate "2008.04.11"]

1. d4 {59} e6 {11} 2. c4 {25} d5 {3} 3. g3 {3} c6 {5} 4. Bg2 {7} Nf6 {4} 5. Nf3
{4} Be7 {4} 6. O-O {6} O-O {4} 7. Nc3 {179} Nbd7 {7} 8. Qd3 {93} b6 {6} 9. Rd1
{32} Ba6 {9} 10. b3 {4} Qc8 {6} 11. Bf4 {313} dxc4 {135} 12. bxc4 {26} Nd5 {171
} 13. Ng5 {688} g6 {1288} 14. e3 {5} Nxf4 {737} 15. exf4 {44} Rd8 {25} 16. Rac1
{61} Nf6 {228} 17. Qe2 {56} Ba3 {181} 18. Rc2 {45} Bb4 {146} 19. h4 {139} Rb8 {
12} 20. Nce4 {480} Nd5 {7} 21. Qf3 {38} f5 {6} 22. cxd5 {34} fxe4 {8} 23. Qb3 {
15} exd5 {8} 24. Qxb4 {27} h6 {19} 25. Bh3 {11} Qb7 {16} 26. Be6+ {8} Kg7 {114}
27. Nxe4 {67} Bc4 {7} 28. Nd6 {25} Qc7 {74} 29. Nxc4 {9} dxc4 {11} 30. d5 {24}
c5 {31} 31. Qxc4 {16} Kh8 {21} 32. Qe4 {15} Qh7 {80} 33. d6 {13} Rf8 {20} 34.
d7 {16} Qg7 {138} 35. Rcd2 {20} Rbd8 {13} 36. Rd6 {14} b5 {115} 37. Bb3 {25}
Rf5 {60} 38. h5 {8} Rf6 {19} 39. Rxf6 {33} Qxf6 {6} 40. Qe8+ {5} Kh7 {7} 41.
hxg6+ {16} Qxg6 {7} 42. Qxd8 {11} h5 {8} 43. Qe7+ {7} Kh6 {8} 44. d8=Q {6}
Qxg3+ {9} 45. fxg3 {9} h4 {11} 46. Qxh4+ {11} Kg7 {6} 47. Qdf6# {
(Lag: Av=0.28s, max=0.7s) 9} 1-0

[Event "CSS Freestyle 8th"]
[Site "playchess.com"]
[Date "2008.04.11"]
[Round "1"]
[White "Murx"]
[Black "Averell"]
[Result "1-0"]
[WhiteElo "2547"]
[BlackElo "2464"]
[PlyCount "79"]
[EventDate "2008.04.11"]

1. e4 {40} e5 {42} 2. Nf3 {24} d6 {4} 3. d4 {48} exd4 {9} 4. Nxd4 {15} Nf6 {3}
5. Nc3 {20} Be7 {3} 6. Bf4 {97} O-O {87} 7. Qd2 {30} c6 {8} 8. Be2 {35} Re8 {
116} 9. O-O-O {18} b5 {228} 10. Bf3 {31} b4 {335} 11. Nce2 {36} Ng4 {333} 12.
Ng3 {198} g6 {8} 13. h4 {175} Ne5 {125} 14. Be2 {228} Qa5 {117} 15. Kb1 {31} c5
{64} 16. Nb3 {36} Qd8 {196} 17. h5 {167} g5 {92} 18. Bxe5 {12} dxe5 {2} 19. Qd5
{18} Qb6 {175} 20. Nf5 {200} Bf8 {5} 21. Bc4 {228} Be6 {3} 22. Qxa8 {43} Bxc4 {
12} 23. Ne3 {29} Be6 {28} 24. Nd5 {24} Bxd5 {58} 25. Qxd5 {10} Nc6 {25} 26. h6
{100} Rd8 {307} 27. Qc4 {54} Nd4 {26} 28. g3 {85} a5 {295} 29. f4 {291} Ne6 {
185} 30. Rxd8 {41} Qxd8 {12} 31. f5 {18} Nd4 {20} 32. Nxd4 {26} cxd4 {25} 33.
Qd5 {17} Qxd5 {90} 34. exd5 {26} f6 {38} 35. c3 {25} dxc3 {271} 36. bxc3 {23}
bxc3 {68} 37. Kc2 {21} Bb4 {215} 38. Rb1 {44} Kf7 {72} 39. a3 {55} Bxa3 {59}
40. Rb7+ {Averell gibt auf (Lag: Av=0.27s, max=0.7s) 80} 1-0

[Event "CSS Freestyle 8th"]
[Site "playchess.com"]
[Date "2008.04.11"]
[Round "1"]
[White "Takker"]
[Black "Heffalump"]
[Result "1/2-1/2"]
[WhiteElo "2404"]
[BlackElo "2558"]
[PlyCount "97"]
[EventDate "2008.04.11"]

1. Nf3 {54} Nf6 {41} 2. d4 {58} g6 {46} 3. c4 {48} Bg7 {25} 4. Nc3 {35} O-O {21
} 5. e4 {84} d6 {47} 6. Be2 {11} e5 {52} 7. O-O {77} Nc6 {74} 8. d5 {9} Ne7 {4}
9. b4 {324} Nh5 {6} 10. Re1 {4} f5 {15} 11. Ng5 {42} Nf6 {413} 12. f3 {59} Nh5
{57} 13. c5 {37} Nf4 {119} 14. Bc4 {4} Kh8 {9} 15. Rb1 {61} h6 {303} 16. Ne6 {
186} Bxe6 {5} 17. dxe6 {2} fxe4 {9} 18. fxe4 {36} Nc6 {12} 19. Kh1 {498} Nd4 {
186} 20. Bxf4 {34} exf4 {19} 21. Ne2 {3} dxc5 {331} 22. bxc5 {310} f3 {10} 23.
Nxd4 {17} fxg2+ {68} 24. Kxg2 {13} Qg5+ {7} 25. Kh1 {22} Rf2 {17} 26. Rg1 {73}
Qxc5 {40} 27. Bd5 {165} Qxd4 {141} 28. Rxg6 {115} Qe5 {85} 29. Qg1 {7} Raf8 {48
} 30. Qg3 {18} Qxg3 {171} 31. Rxg3 {7} Kh7 {108} 32. Bxb7 {131} Bd4 {8} 33. Ba6
{59} Be5 {136} 34. Rg2 {8} Rxg2 {108} 35. Kxg2 {5} Kg6 {9} 36. Bc4 {48} Kf6 {
187} 37. Rf1+ {107} Ke7 {6} 38. Rf7+ {45} Rxf7 {6} 39. exf7 {2} Kf8 {23} 40. h3
{7} h5 {20} 41. Kf3 {384} c6 {11} 42. Ke3 {23} Ke7 {4} 43. a4 {20} a5 {24} 44.
Be6 {33} Bg7 {49} 45. Ba2 {12} Be5 {5} 46. Kd3 {3} Bg7 {53} 47. Ke2 {23} Be5 {
14} 48. Bc4 {9} Kf8 {17} 49. Kf3 {
Takker offers a draw (Lag: Av=0.28s, max=0.9s) 2} 1/2-1/2

[Event "CSS Freestyle 8th"]
[Site "playchess.com"]
[Date "2008.04.11"]
[Round "1"]
[White "Revelator"]
[Black "Tatar"]
[Result "0-1"]
[WhiteElo "2526"]
[BlackElo "2526"]
[PlyCount "85"]
[EventDate "2008.04.11"]

1. e4 {259} e6 {26} 2. Ne2 {16} d5 {40} 3. exd5 {10} exd5 {9} 4. g3 {9} Nf6 {
145} 5. Bg2 {11} Bd6 {121} 6. Nbc3 {78} c6 {155} 7. O-O {80} O-O {120} 8. d3 {4
} Nbd7 {87} 9. Re1 {614} Re8 {97} 10. h3 {28} Ne5 {94} 11. a4 {187} Ng6 {177}
12. Nd4 {609} Rxe1+ {5} 13. Qxe1 {2} Bd7 {204} 14. a5 {280} Qc7 {9} 15. Bg5 {89
} Re8 {94} 16. Qd2 {182} Qd8 {27} 17. Nb3 {114} h6 {127} 18. Be3 {99} Qc8 {86}
19. Bd4 {726} Nh7 {10} 20. Re1 {69} c5 {94} 21. Rxe8+ {9} Bxe8 {5} 22. Bxg7 {57
} Kxg7 {8} 23. Nxd5 {16} Bd7 {64} 24. Qc3+ {36} Kg8 {44} 25. h4 {94} Be6 {21}
26. Be4 {7} b5 {135} 27. axb6 {42} Bxd5 {6} 28. Bxd5 {21} axb6 {8} 29. Nd2 {37}
Qc7 {100} 30. Nc4 {79} Bxg3 {170} 31. fxg3 {8} Qxg3+ {3} 32. Kf1 {35} Qf4+ {12}
33. Ke2 {19} Qxh4 {21} 34. Kf1 {48} Qf4+ {' 159} 35. Ke2 {79} Qg4+ {6} 36. Kd2
{27} Qg5+ {5} 37. Ne3 {8} Nf6 {6} 38. Bf3 {19} Nh4 {5} 39. Ke2 {27} Nh5 {10}
40. Bxh5 {32} Qxh5+ {11} 41. Ke1 {8} Nf3+ {11} 42. Kf2 {7} Nd4 {12} 43. Qd2 {
Revelator resigns (Lag: Av=1.24s, max=16.1s) 26} 0-1

[Event "CSS Freestyle 8th"]
[Site "playchess.com"]
[Date "2008.04.11"]
[Round "1"]
[White "Ultima"]
[Black "Croberson"]
[Result "1-0"]
[WhiteElo "2584"]
[BlackElo "2441"]
[PlyCount "65"]
[EventDate "2008.04.11"]

1. e4 {0} c5 {104} 2. Nf3 {23} d6 {33} 3. d4 {3} cxd4 {136} 4. Nxd4 {0} Nf6 {32
} 5. Nc3 {8} a6 {138} 6. Be3 {9} e6 {108} 7. f3 {28} b5 {249} 8. Qd2 {11} Nbd7
{117} 9. g4 {12} h6 {405} 10. O-O-O {52} Bb7 {39} 11. h4 {35} Ne5 {153} 12. Rg1
{83} Rc8 {138} 13. g5 {61} Nfd7 {30} 14. g6 {67} Nxg6 {475} 15. Nxe6 {167} fxe6
{78} 16. Rxg6 {19} Qxh4 {43} 17. Rxe6+ {922} Kf7 {116} 18. Nd5 {14} Kxe6 {481}
19. Bh3+ {59} Kf7 {11} 20. Bxd7 {8} Re8 {776} 21. Bxe8+ {. 272} Kxe8 {4} 22.
Qd4 {3} Qh3 {124} 23. e5 {239} Qxf3 {68} 24. exd6 {71} Bxd5 {51} 25. Qe5+ {17}
Kf7 {7} 26. Rxd5 {28} Qg4 {11} 27. Rd4 {157} Qd7 {36} 28. Rf4+ {44} Kg8 {15}
29. Bc5 {3} Kh7 {33} 30. Qe4+ {77} Kg8 {28} 31. Qd5+ {19} Kh7 {16} 32. Qd3+ {8}
Kg8 {7} 33. b3 {Time ' 100} 1-0

[Event "CSS Freestyle 8th"]
[Site "playchess.com"]
[Date "2008.04.11"]
[Round "1"]
[White "Brf"]
[Black "Enchanter"]
[Result "0-1"]
[WhiteElo "2456"]
[BlackElo "2546"]
[PlyCount "62"]
[EventDate "2008.04.11"]

1. e4 {3} c5 {41} 2. c3 {17} Nf6 {17} 3. e5 {11} Nd5 {5} 4. d4 {11} cxd4 {6} 5.
Nf3 {9} Nc6 {17} 6. Bc4 {23} Nb6 {25} 7. Bb3 {1} g6 {55} 8. cxd4 {83} Bg7 {19}
9. Bf4 {14} d6 {36} 10. Nc3 {45} O-O {36} 11. exd6 {66} exd6 {87} 12. O-O {7}
Bg4 {115} 13. h3 {94} Qf6 {113} 14. hxg4 {90} Qxf4 {14} 15. g5 {1} Nxd4 {346}
16. Nxd4 {43} Qxd4 {19} 17. Qxd4 {2} Bxd4 {4} 18. Nb5 {388} Bxb2 {98} 19. Rab1
{11} Be5 {346} 20. f4 {108} a6 {43} 21. fxe5 {67} axb5 {9} 22. exd6 {1} Rad8 {
55} 23. Rfd1 {64} Rd7 {137} 24. Bc2 {13} Rc8 {120} 25. Rxb5 {148} Rxc2 {10} 26.
Rxb6 {4} Rxa2 {11} 27. Rd5 {329} Kg7 {802} 28. Kh2 {577} Ra6 {502} 29. Rxa6 {
377} bxa6 {7} 30. Kg3 {3} Kf8 {9} 31. Kf4 {442} Ke8 {
Brf gibt auf (Lag: Av=0.20s, max=3.0s) 7} 0-1

[Event "CSS Freestyle 8th"]
[Site "playchess.com"]
[Date "2008.04.11"]
[Round "1"]
[White "Rybko"]
[Black "Lukulus"]
[Result "1/2-1/2"]
[WhiteElo "2373"]
[BlackElo "2442"]
[PlyCount "99"]
[EventDate "2008.04.11"]

1. e4 {158} e6 {12} 2. d4 {12} d5 {8} 3. Nc3 {10} Nf6 {13} 4. Bg5 {120} Bb4 {24
} 5. e5 {108} h6 {21} 6. Bd2 {114} Bxc3 {29} 7. bxc3 {0} Ne4 {19} 8. Qg4 {19}
g6 {58} 9. Bd3 {71} Nxd2 {24} 10. Kxd2 {3} c5 {15} 11. h4 {83} Nc6 {91} 12. Qf4
{415} Qa5 {124} 13. dxc5 {110} Qxc5 {37} 14. Rb1 {433} b6 {201} 15. Ne2 {16} h5
{86} 16. Rh3 {504} Bd7 {546} 17. Rf3 {154} Rf8 {18} 18. Nd4 {118} O-O-O {200}
19. Kc1 {125} Qa3+ {358} 20. Rb2 {17} Kb8 {45} 21. Bb5 {199} Nxd4 {92} 22. cxd4
{0} Qa5 {43} 23. Qd2 {Rybko offers a draw 28} Qxd2+ {49} 24. Kxd2 {4} Bxb5 {3}
25. Rxb5 {1} Rc8 {31} 26. Rbb3 {33} Rc4 {144} 27. c3 {25} Ra4 {131} 28. a3 {151
} Kc7 {16} 29. Ke3 {18} Kd7 {30} 30. Kf4 {8} Ke7 {89} 31. Kg5 {12} Rc4 {46} 32.
Kh6 {79} Rg8 {78} 33. Rb4 {39} Rc7 {103} 34. a4 {63} Kf8 {16} 35. Rb5 {36} Rh8+
{107} 36. Kg5 {3} Kg7 {5} 37. Re3 {45} Rhc8 {105} 38. Rb3 {13} Rf8 {134} 39.
Rf3 {20} Rc6 {59} 40. Ra3 {142} Rc4 {12} 41. Kf4 {91} f6 {198} 42. a5 {384} b5
{105} 43. exf6+ {5} Rxf6+ {16} 44. Ke5 {1} Rxf3 {36} 45. gxf3 {0} Kf7 {11} 46.
a6 {1} Rc8 {16} 47. Ra5 {23} Rb8 {100} 48. f4 {12} Ke7 {66} 49. f5 {9} gxf5 {15
} 50. f4 {Lukulus bietet Remis (Lag: Av=0.29s, max=3.6s) 14} 1/2-1/2

[Event "CSS Freestyle 8th"]
[Site "playchess.com"]
[Date "2008.04.11"]
[Round "1"]
[White "Gomez"]
[Black "Abeljusto"]
[Result "1/2-1/2"]
[WhiteElo "2593"]
[BlackElo "2426"]
[PlyCount "90"]
[EventDate "2008.04.11"]

1. d4 {94} Nf6 {21} 2. Nf3 {53} e6 {19} 3. Bg5 {70} h6 {93} 4. Bxf6 {171} Qxf6
{18} 5. e4 {60} b6 {121} 6. Bd3 {290} Bb7 {15} 7. Nbd2 {106} g5 {66} 8. c3 {88}
Nc6 {69} 9. Nc4 {128} O-O-O {111} 10. O-O {98} h5 {30} 11. Nfd2 {259} g4 {454}
12. f4 {249} g3 {453} 13. h3 {141} d5 {188} 14. Ne5 {89} Nxe5 {86} 15. fxe5 {47
} Qg5 {36} 16. Qc2 {88} Bh6 {76} 17. Rad1 {57} Qg7 {450} 18. Rde1 {233} Qg5 {67
} 19. Re2 {115} Qe7 {13} 20. exd5 {143} Bxd5 {21} 21. Ne4 {134} h4 {110} 22. b4
{159} Bg7 {132} 23. Nf6 {57} Bxf6 {81} 24. Rxf6 {104} Qd7 {39} 25. Re1 {55}
Rdg8 {25} 26. Ref1 {126} Rg7 {82} 27. a4 {64} Kb8 {25} 28. a5 {5} b5 {68} 29.
R6f4 {84} Qc6 {57} 30. Rxf7 {76} Rxf7 {3} 31. Rxf7 {14} a6 {18} 32. Rf4 {24}
Ka7 {78} 33. Qd2 {47} Kb7 {50} 34. Kh1 {60} Kb8 {19} 35. Qb2 {19} Qd7 {27} 36.
Qe2 {25} Qc6 {20} 37. Qc2 {31} Rg8 {42} 38. Rf6 {31} Ka7 {19} 39. Qb2 {84} Rd8
{20} 40. Bf1 {33} Rh8 {13} 41. Qd2 {31} Kb8 {16} 42. Kg1 {19} Kb7 {10} 43. Kh1
{9} Kb8 {11} 44. Kg1 {3} Kb7 {5} 45. Kh1 {16} Kb8 {(Lag: Av=1.33s, max=33.9s) 5
} 1/2-1/2

[Event "CSS Freestyle 8th"]
[Site "playchess.com"]
[Date "2008.04.11"]
[Round "1"]
[White "ChessPapaRazzi"]
[Black "Brener"]
[Result "1/2-1/2"]
[WhiteElo "2375"]
[BlackElo "2388"]
[PlyCount "121"]
[EventDate "2008.04.11"]

1. d4 {50} d5 {15} 2. Na3 {50} Nf6 {23} 3. c4 {65} e6 {47} 4. e3 {13} Bd6 {125}
5. Nf3 {19} c6 {9} 6. Bd3 {172} O-O {3} 7. O-O {389} Nbd7 {7} 8. Qc2 {130} Re8
{38} 9. Nd2 {264} e5 {103} 10. cxd5 {150} cxd5 {4} 11. Nb5 {25} Bb8 {3} 12. Nc3
{275} e4 {18} 13. Be2 {11} Nb6 {85} 14. f3 {191} exf3 {398} 15. Nxf3 {65} Ne4 {
4} 16. a4 {229} a5 {57} 17. Bb5 {344} Bd7 {70} 18. Bd3 {3} Qe7 {405} 19. Qb3 {
Brener reconnected. 112} Qb4 {32} 20. Qc2 {9} f5 {11} 21. Ra3 {223} Qd6 {327}
22. Rb3 {14} Rc8 {23} 23. Rxb6 {430} Qxb6 {4} 24. Nxd5 {24} Qe6 {6} 25. Nc3 {
120} Bc6 {8} 26. Qe2 {117} Qe7 {42} 27. Qc2 {227} Re8 {5} 28. g3 {16} Bd6 {8}
29. d5 {63} Bd7 {4} 30. Nd4 {7} Nxc3 {' 520} 31. bxc3 {14} g6 {1} 32. Qb3 {16}
Rac8 {106} 33. Bd2 {15} Rc7 {37} 34. Rf2 {63} Rec8 {27} 35. Re2 {27} Qe8 {15}
36. Qb6 {38} Bc5 {9} 37. Qb2 {23} Bxa4 {90} 38. Ne6 {1} Rc6 {5} 39. Nxc5 {33}
Rxc5 {5} 40. c4 {26} b5 {9} 41. Qd4 {25} Rxc4 {14} 42. Bxc4 {14} Rxc4 {0} 43.
Qa7 {15} b4 {450} 44. Qxa5 {1} Bb5 {21} 45. Re1 {45} b3 {2} 46. Rb1 {21} Ba4 {
70} 47. d6 {6} Rc2 {115} 48. Qd5+ {9} Qf7 {8} 49. Qd4 {18} Rc4 {6} 50. Qd3 {21}
Rc5 {6} 51. Qd4 {13} Rd5 {7} 52. Qxa4 {83} Rxd2 {5} 53. Rxb3 {36} Rxd6 {56} 54.
Qa8+ {5} Kg7 {25} 55. Rb7 {ChessPapaRazzi offers a draw 2} Rd1+ {6} 56. Kf2 {3}
Rd7 {0} 57. Qa1+ {12} Kh6 {11} 58. Rxd7 {10} Qxd7 {0} 59. h3 {18} Qd2+ {6} 60.
Kf3 {4} Qc2 {48} 61. Qd4 {Brener bietet Remis (Lag: Av=1.19s, max=42.3s) 14}
1/2-1/2

[Event "CSS Freestyle 8th"]
[Site "playchess.com"]
[Date "2008.04.11"]
[Round "1"]
[White "Ciron"]
[Black "Rajlich"]
[Result "1/2-1/2"]
[WhiteElo "2516"]
[BlackElo "2599"]
[PlyCount "99"]
[EventDate "2008.04.11"]

1. e4 {97} e6 {11} 2. Qe2 {157} c5 {17} 3. d3 {37} Nc6 {20} 4. Nf3 {98} Nf6 {18
} 5. g3 {40} d6 {561} 6. Bg2 {25} Qc7 {35} 7. O-O {113} Be7 {22} 8. a4 {56} O-O
{66} 9. Na3 {10} e5 {557} 10. Nc4 {14} h6 {65} 11. c3 {54} Be6 {90} 12. Nh4 {
207} Rad8 {524} 13. Ne3 {199} Na5 {27} 14. Nhf5 {82} Nb3 {52} 15. Ra3 {31} Rfe8
{90} 16. c4 {221} Qb6 {389} 17. Qc2 {162} Nd4 {99} 18. Qd1 {72} Qc7 {282} 19.
Bd2 {756} b6 {35} 20. Ra1 {243} Qd7 {96} 21. Nxd4 {359} exd4 {34} 22. Nd5 {9}
Nxd5 {312} 23. cxd5 {6} Bh3 {4} 24. Qb3 {211} Rb8 {162} 25. Qb5 {52} a5 {33}
26. Bxh3 {150} Qxh3 {7} 27. Rae1 {5} Red8 {72} 28. Re2 {77} Qh5 {89} 29. f3 {36
} Bg5 {16} 30. g4 {59} Qg6 {199} 31. f4 {10} Bh4 {11} 32. Rg2 {25} f6 {22} 33.
b3 {. 221} Qe8 {13} 34. Qxe8+ {49} Rxe8 {4} 35. Re2 {3} Rb7 {14} 36. Kg2 {23}
b5 {50} 37. Bxa5 {7} bxa4 {8} 38. bxa4 {10} Ra8 {6} 39. Be1 {17} Bxe1 {6} 40.
Rexe1 {35} Rxa4 {11} 41. e5 {18} Ra3 {53} 42. exd6 {32} Kf7 {5} 43. Re2 {31}
Rxd3 {5} 44. Rc1 {37} Rc3 {30} 45. Rxc3 {18} dxc3 {5} 46. Kf3 {11} Rd7 {9} 47.
Rc2 {30} Rxd6 {13} 48. Ke4 {7} Ra6 {19} 49. Rxc3 {4} Ra5 {23} 50. Rb3 {
Ciron bietet Remis (Lag: Av=0.18s, max=0.9s) 13} 1/2-1/2